000 00750nam a2200253Ia 4500
003 OSt
005 20220928125025.0
006 a|||||r|||| 00| 0
007 ta
008 220927b |||||||| |||| 00| 0 eng d
020 _c1295
024 _a123289
037 _b90, 12/02/2014, Pioneer Book Distributors
_cTextual
040 _aSDCL
_cSDCL
_beng
041 _2eng
_aeng
082 _aV237'K, Q3
100 _aHockings Paul
_9467633
245 0 _aSo long a saga
_b Four Centuries of badaga social history
260 _aNew Delhi
_bManohar
_c2013
300 _axvi;406p.
_ccm.
650 _aHistory
942 _hV237'K, Q3
_cTEXL
_2CC
999 _c780504
_d780504